Statistics for Name the Taylor Swift Song

Click here to take the quiz!

General Stats

  • This quiz has been taken 869 times
  • The average score is 11 of 20

Answer Stats

HintAnswer% Correct
'Cause Darling I'm a nightmare dressed like a daydreamBlank Space
93%
You, with your words live knives and swords and weapons that you use against meMean
81%
I got tired of waiting / Wondering if you were ever coming aroundLove Story
79%
Flew me to places I've never been / Now I'm lying on the cold hard groundI Knew You Were Trouble
79%
We're happy, free, confused and lonely in the best way22
73%
You think that it's funny when I'm mad, mad, mad / But I think that it's best if we both stayStay Stay Stay
71%
Holding on, the days drag on / Stupid girl / I should've known, I should've knownWhite Horse
70%
It's like I got this music in my mind saying, "It's gonna be alright!"Shake It Off
68%
But I miss screaming and fighting and kissing in the rain / And it's 2 am and I'm cursing your nameThe Way I Loved You
61%
They didn't teach you that in prep school so it's up to me / But no amount of vintage dresses gives you dignityBetter Than Revenge
61%
I'm wonderstruck / Blushing all the way homeEnchanted
60%
I've been spending the last eight months / Thinking all love ever does is break and burn and endBegin Again
60%
All those other girls, well they're beautiful / But would they write a song for you?Hey Stephen
57%
You lift my feet off the ground / You spin me around / You make me ...Crazier
44%
And we know it's never simple, never easy / Never a clean break / No one here to save meBreathe
43%
Did I say something way too honest / Made you run and hide / Like a scared little boyForever and Always
42%
Took me back to the time we had our very first fight / Slamming our doors 'stead of kissing goodnightMary's Song
37%
Why would you wanna take our love / And tear it all apart now / Why would you wanna make the very first scarA Perfectly Good Heart
31%
Come back, come back, come back to me / Like you could, you could, if you just said you're sorryIf This Were a Movie
18%
I know everything about you / I don't wanna live without youI'm Only Me When I'm With You
16%

Score Distribution

Percentile by Number Answered

Percent of People with Each Score

Your Score History

You have not taken this quiz